| 000 -ლიდერი |
| ფიქსირებული სიგრძის საკონტროლო ველი |
00983nam a2200229Ia 4500 |
| 001 - საკონტროლო ნომერი |
| საკონტროლო ველი |
8052 |
| 003 - საკონტროლო ნომრის იდენტიფიკატორი |
| საკონტროლო ველი |
GE_BSU |
| 005 - ბოლო ოპერაციის თარიღი და დრო |
| საკონტროლო ველი |
20200116173426.0 |
| 008 - ფიქსირებული სიგრძის მონაცემთა ელემენტები - ზოგადი ინფორმაცია |
| ფიქსირებული სიგრძის საკონტროლო ველი |
181216s2012||||ge |||||||||||||| ||geo|| |
| 020 ## - წიგნის საერთაშორისო სტანდარტული ნომერი |
| International Standard Book Number |
9789941926976 |
| 040 ## - კატალოგიზაციის წყარო |
| Transcribing agency |
GE_BSU |
| 041 ## - ენის კოდი |
| Language code of text/sound track or separate title |
geo |
| 080 ## - უნივერსალური ათობითი კლასიფიკაციის ინდექსი |
| Universal Decimal Classification number |
821.353.1-1 გ–67 |
| 100 ## - მთავარი ჩანაწერი - პიროვნების სახელი |
| Personal name |
გონაშვილი, მაყვალა |
| 9 (RLIN) |
6195 |
| 245 ## - ცნობა სათაურის შესახებ |
| Title |
ხმა მესმა : |
| Remainder of title |
პოეზია / |
| Statement of responsibility, etc |
მაყვალა გონაშვილი ; რედ. მანანა გორგიშვილი ; მხატვ. გიორგი კუხალაშვილი. |
| 264 ## - წარმოების, გამოცემის, დისტრიბუციის და სხვა ცნობები |
| გამოცემის, წარმოების, დისტრიბუციის... ადგილი |
თბილისი : |
| გამოცემის, წარმოების, დისტრიბუციის... სახელწოდება |
მერანი, |
| გამოცემის, წარმოების, დისტრიბუციის... თარიღი |
2012. |
| 300 ## - ფიზიკური აღწერა |
| Extent |
198 გვ.; |
| Other physical details |
17 სმ. |
| 653 ## - INDEX TERM--UNCONTROLLED |
| Uncontrolled term |
პოეზია |
| 700 ## - ADDED ENTRY--PERSONAL NAME |
| Personal name |
გორგიშვილი, მანანა |
| Relator term |
რედაქტორი |
| 9 (RLIN) |
6173 |
| 700 ## - ADDED ENTRY--PERSONAL NAME |
| Personal name |
კუხალაშვილი, გიორგი |
| Relator term |
მხატვარი |
| 9 (RLIN) |
6196 |
| 942 ## - ADDED ENTRY ELEMENTS (KOHA) |
| Koha item type |
წიგნი |
| Source of classification or shelving scheme |
|